Dopasuj język do flagi państw bardzo dziwna wersja - Statystyki

Ogólne statystyki
  • Ten quiz został rozwiązany 110 razy
    96 od ostatniego zresetowania
  • Średni wynik to 11 z 22
Statystyki odpowiedzi
Obrazkowy Odpowiedź % Poprawnych
Angielski|arabski
91%
Maoryski|angielski
87%
Rosyjski|białoruski
87%
Rosyjski
86%
Koreański
84%
Koptyjski|arabski
83%
Czeski|słowacki
77%
Hebrajski|jidysz
56%
Nepalski
55%
Madagaskarski|francuski
53%
Gruziński
52%
Azerski|turecki
44%
Portugalski
43%
Tajski|syjamski
40%
Malediwski
32%
Tybetański
31%
Samoański
30%
Tuvalu
30%
Tongijski
17%
Tamilski
16%
Amharski|oromo|tiriginia
13%
Mapuche
3%
Nie znaleziono quizów pasujących do podanych kryteriów
Rozkład punktacji
Procent ludzi z każdym wynikiem
Percentyl według liczby udzielonych odpowiedzi
Twoja historia wyników
Nie rozwiązałeś tego quizu od ostatniego zresetowania